The digital connection : (Record no. 67296)

000 -LEADER
fixed length control field 00714pam a2200241 a 4500
001 - CONTROL NUMBER
control field 564292
003 - CONTROL NUMBER IDENTIFIER
control field NUST - PNEC
005 - DATE AND TIME OF LATEST TRANSACTION
control field 20170116181017.0
008 - FIXED-LENGTH DATA ELEMENTS--GENERAL INFORMATION
fixed length control field 890817s1991 nyua 001 0 eng
010 ## - LIBRARY OF CONGRESS CONTROL NUMBER
LC control number 89023438
020 ## - INTERNATIONAL STANDARD BOOK NUMBER
International Standard Book Number 0716782030 :
040 ## - CATALOGING SOURCE
Transcribing agency LIBRARY
082 00 - DEWEY DECIMAL CLASSIFICATION NUMBER
Classification number 621.382 LEB
100 1# - MAIN ENTRY--PERSONAL NAME
Personal name Lebow, Irwin.
245 14 - TITLE STATEMENT
Title The digital connection :
Remainder of title a layman's guide to the information age /
Statement of responsibility, etc. Irwin Lebow.
260 ## - PUBLICATION, DISTRIBUTION, ETC.
Place of publication, distribution, etc. New York :
Name of publisher, distributor, etc. Computer Science Press,
Date of publication, distribution, etc. c1991.
300 ## - PHYSICAL DESCRIPTION
Extent xvi, 261 p. :
Other physical details ill. ;
Dimensions 24 cm.
504 ## - BIBLIOGRAPHY, ETC. NOTE
Bibliography, etc. note Includes index.
650 #0 - SUBJECT ADDED ENTRY--TOPICAL TERM
Topical term or geographic name entry element Digital electronics
General subdivision EL
906 ## - LOCAL DATA ELEMENT F, LDF (RLIN)
a 7
b cbc
c orignew
d 1
e ocip
f 19
g y-gencatlg
942 ## - ADDED ENTRY ELEMENTS (KOHA)
Source of classification or shelving scheme
Koha item type Book
Holdings
Withdrawn status Lost status Source of classification or shelving scheme Damaged status Not for loan Permanent Location Current Location Shelving location Date acquired Total Checkouts Full call number Barcode Date last seen Price effective from Koha item type
          Pakistan Navy Engineering College (PNEC) Pakistan Navy Engineering College (PNEC)       621.382 LEB PNECLIB-021788 09/14/2015   Book
© 2023 Central Library, National University of Sciences and Technology. All Rights Reserved.